| 000 | 00524nam a2200181Ia 4500 | ||
|---|---|---|---|
| 005 | 20250326141055.0 | ||
| 008 | 250326s9999 xx 000 0 und d | ||
| 037 | _aTextbook | ||
| 040 |
_aFMSL _beng _cFMSL |
||
| 041 |
_aeng _2eng |
||
| 084 |
_aXv N9 _qFMSL |
||
| 100 |
_aBrahmada P R _9738732 |
||
| 245 | 0 |
_aNobel economics : Historical commentary from the classical angle _cBrahmada P R |
|
| 260 |
_aMumbai _bMumbai, Himalaya _c1999 |
||
| 300 | _axiii,424 | ||
| 942 |
_cTB _hXv N9 |
||
| 999 |
_c1288581 _d1288581 |
||